La rosa de los vientos /
Gastón tiene una misión muy especial: haver el ascenso al cerro Tres Picos y cumplir el último deseo del abuelo Juancho. Para lograrlo contar{a con la ayuda de su mejor amigo, Federico, y de Santiago, su hermano mayor. Esta aventura, en la que los amigos tendrán que enfrentar un peligroso incendio y...
Guardado en:
| Autor Principal: | |
|---|---|
| Otros Autores: | |
| Formato: | Libro |
| Publicado: |
Buenos Aires :
Santillana,
2023.
|
| Series: | Loqueleo. Naranja
|
| Materias: | |
| Etiquetas: |
Agregar Etiqueta
Sin Etiquetas, Sea el primero en etiquetar este registro!
|
| LEADER | 01345nam a22002775a 4500 | ||
|---|---|---|---|
| 001 | CEM.cems021339 | ||
| 008 | 240805s2023##################000#0#####d | ||
| 005 | 20240805161247.0 | ||
| 245 | 1 | 0 | |a La rosa de los vientos / |c Paula Bombara; ilustrado por Brenda Ruseler. |
| 260 | |a Buenos Aires : |b Santillana, |c 2023. | ||
| 300 | |a 136 p. | ||
| 490 | 0 | |a Loqueleo. Naranja | |
| 500 | |a A partir de 10 años. | ||
| 520 | |a Gastón tiene una misión muy especial: haver el ascenso al cerro Tres Picos y cumplir el último deseo del abuelo Juancho. Para lograrlo contar{a con la ayuda de su mejor amigo, Federico, y de Santiago, su hermano mayor. Esta aventura, en la que los amigos tendrán que enfrentar un peligroso incendio y rescatar un tesoro familiar, será un antes y un después para los dos hermanos que, distanciados sin quererlo, buscar reencontrarse. Una novela de despedidas y reencuentros, sobre la fuerza de la amistad y la hermandad. | ||
| 020 | |a 9789504671169 | ||
| 100 | 1 | |a Bombara, Paula | |
| 700 | 1 | |a Ruseler, Brenda; il. | |
| 082 | 0 | 4 | |a A863.4 |
| 653 | |a Literatura | ||
| 653 | |a Literatura bahiense | ||
| 653 | |a Literatura argentina | ||
| 653 | |a Literatura juvenil | ||
| 653 | |a Novela juvenil | ||
| 653 | |a Novela de aventuras | ||
| 653 | |a Novela de viaje | ||
| 859 | |a CEMS |b BIB. CEMS - 11 de abril |h A863.4 |i B639-1a1 |p 29508.24 |t Ej.1 | ||
